Online
Catalog

I Curso sobre Lengua y Literatura en Aragón : (Record no. 24951)

MARC details
000 -CABECERA
campo de control de longitud fija 01136nam a2200253 a 4500
001 - NÚMERO DE CONTROL
campo de control 000025459
005 - FECHA Y HORA DE LA ÚLTIMA TRANSACCIÓN
campo de control 20200930023813.0
008 - DATOS DE LONGITUD FIJA--INFORMACIÓN GENERAL
campo de control de longitud fija 960129s1991 sp a b 100 0 spa
020 ## - NÚMERO INTERNACIONAL ESTÁNDAR DEL LIBRO
Número Internacional Estándar del Libro 8478200916
040 ## - FUENTE DE LA CATALOGACIÓN
Centro catalogador/agencia de origen DO-SdBNP
Lengua de catalogación spa
Centro/agencia transcriptor BNPHU
082 ## - NÚMERO DE LA CLASIFICACIÓN DECIMAL DEWEY
Número de clasificación 860.994655
Número de documento/Ítem P953cu
111 2# - ENTRADA PRINCIPAL--NOMBRE DE CONGRESO/REUNIÓN
Nombre de congreso/reunión o jurisdicción como elemento de entrada Curso sobre Lengua y Literatura en Aragón
Número del congreso/reunión o número de parte o sección (1 :
Fecha del congreso/reunión 1991,
Sede del congreso/Lugar de la reunión Universidad de Zaragoza)
9 (RLIN) 52075
245 13 - MENCIÓN DE TÍTULO
Título I Curso sobre Lengua y Literatura en Aragón :
Resto del título (edad media) /
Mención de responsabilidad, etc. coordinación Tomás Buesa , Aurora Egido ; Edición José María Enguita.
260 ## - PUBLICACIÓN, DISTRIBUCIÓN, ETC.
Lugar de publicación, distribución, etc. Zaragoza :
Nombre del editor, distribuidor, etc. Institución Fernando el Católico,
Fecha de publicación, distribución, etc. 1991.
300 ## - DESCRIPCIÓN FÍSICA
Extensión [255] p. :
Otras características físicas il. ;
Dimensiones 24 cm.
500 ## - NOTA GENERAL
Nota general "Celebrado del 2 al 4 de febrero de 1990, en el paraninfo de la universidad de zaragoza.
504 ## - NOTA DE BIBLIOGRAFÍA, ETC.
Nota de bibliografía, etc. Incluye referencias bibliográficas.
650 #4 - PUNTO DE ACCESO ADICIONAL DE MATERIA--TÉRMINO DE MATERIA
Término de materia o nombre geográfico como elemento de entrada Literatura española
Subdivisión general Historia y crítica
Subdivisión cronológica 1500-1700
9 (RLIN) 10570
650 #4 - PUNTO DE ACCESO ADICIONAL DE MATERIA--TÉRMINO DE MATERIA
Término de materia o nombre geográfico como elemento de entrada Español
Subdivisión cronológica PERÍODO CLÁSICO, 1500-1700
Subdivisión general Congreso
9 (RLIN) 10571
650 #4 - PUNTO DE ACCESO ADICIONAL DE MATERIA--TÉRMINO DE MATERIA
Término de materia o nombre geográfico como elemento de entrada Español
Subdivisión geográfica España
-- Aragón
Subdivisión general Congreso
9 (RLIN) 10572
700 1# - PUNTO DE ACCESO ADICIONAL--NOMBRE DE PERSONA
Nombre de persona Buesa, Tomás,
Término indicativo de función/relación coord.
9 (RLIN) 52076
700 1# - PUNTO DE ACCESO ADICIONAL--NOMBRE DE PERSONA
Nombre de persona Egido, Aurora,
Término indicativo de función/relación coord.
9 (RLIN) 10573
700 1# - PUNTO DE ACCESO ADICIONAL--NOMBRE DE PERSONA
Nombre de persona Enguita, José M.,
Término indicativo de función/relación ed.
9 (RLIN) 52077
Holdings
Estado de retiro Estado de pérdida Restricciones de uso No para préstamo Código de colección Localización permanente Ubicación/localización actual Ubicación en estantería Fecha de adquisición Número de inventario Total de préstamos Signatura topográfica completa Código de barras Fecha visto por última vez Precio válido a partir de Tipo de ítem Koha
        Monografías: Libros y Folletos General General En catalogación 16.02.2011 LF1   860.994655 P953cu 25459-10 25.06.2020 25.06.2020 Préstamo en sala

Powered by Koha